Master Data Management megvalósításának elemzése Microsoft Dynamics NAV rendszerben

Bibliográfiai részletek
Szerző: Csapó Evelyn
További közreműködők: Bozó Mária
Dokumentumtípus: Diplomadolgozat
Kulcsszavak:Microsoft
Dynamics
NAV
Online Access:http://dolgozattar.uni-bge.hu/15942

MARC

LEADER 00000nta a2200000 i 4500
001 dolg15942
005 20180510142556.0
008 180510suuuu hu om 000 hun d
040 |a BGE Dolgozattár Repozitórium  |b hun 
041 |a hu 
100 1 |a Csapó Evelyn 
245 1 0 |a Master Data Management megvalósításának elemzése Microsoft Dynamics NAV rendszerben  |c Csapó Evelyn  |h [elektronikus dokumentum] 
695 |a Microsoft 
695 |a Dynamics 
695 |a NAV 
700 1 |a Bozó Mária  |e ths 
856 4 0 |u http://dolgozattar.uni-bge.hu/15942/1/Szakdolgozat%20-%20Csap%C3%B3%20Evelyn%20-%20dolgozatt%C3%A1rba%20felt%C3%B6ltend%C5%91.pdf  |z Dokumentum-elérés 
856 4 0 |u http://dolgozattar.uni-bge.hu/15942/2/Titkos%C3%ADt%C3%A1si%20k%C3%A9relem.pdf  |z Dokumentum-elérés